Every Instagram Caption of Comet Smith's IG Reels - Statistics

General Stats
  • This quiz has been taken 25 times
  • The average score is 1 of 77
Answer Stats
First sentence of Instagram Caption % Correct
Waltz in E minor -Ferdinando Carulli
100%
2 mayo prank
0%
A little music to clear the mind
0%
An annotated guide to an e-flat clarinet solo from an orchestra piece I just finished titled "two-blind mothers".
0%
And hired someone to fill out his daily practice schedule
0%
Armenian Dances (Part 1) by Alfred Reed (1972) m.73-87 1st Bassoon
0%
A sneak peak into what our first pop-up concert will sound like!
0%
Atonal Improvisatino Duet
0%
Beautiful bassoon solo 🤩
0%
Benson Boone more like Schmenson Schmoone
0%
Chat is this content
0%
Christmas cookies this year
0%
Composition Challenge #1: Philip Glass X 12 Bar Blues
0%
Composition Recital Live Stream!
0%
CONCERT OF BIRDS is an eclectic piece for orchestra that I had the pleasure of writing for UNICAMP Music Department Orchestra for Campinas, Brasil as part of the São Paulo Contemporary Composers Festival.
0%
Day 1 of posting questionable jazz pickup lines until I'm famous featuring @comet.smith
0%
Did you guess correctly?
0%
Did you know you can turn your guitar into a sitar with just some bread ties?
0%
Don't tell enrico piano
0%
Do you compose on paper?
0%
Do you guys fw minimalism
0%
Do you guys know Scott Joplin wrote an opera!?
0%
Do you use extended techniques in your pieces?
0%
Erm, technically forte means strong ☝️
0%
Follow for more tips!... (Instrumentation tip #3)
0%
Heritage - Shawn Okpebholo This piece is seriously such a blast
0%
Hitting a guitar (featuring text from Shel Shilversetin's "invitation")
0%
How do I sound?
0%
How many repeats is too many?
0%
I can't stop writing about birds
0%
I don't even know what to caption this
0%
I don't need to expand on this idea, I have extended techniques!
0%
I have been binge-watching HOUSE MD which means I need to make hyper-specific memes that appeal to 0.09% of the population
0%
I LOVE PLAYING TO YOUTUBE BACKING TRACKS!
0%
I LOVE STEVE REICH!!!!!
0%
I'm not great at piano but muted stuff is fun
0%
I'm really focused on clarity and tone in this one
0%
Is this real or is this real
0%
Is this relatable or do I have ADHD?
0%
It do go hard tho...
0%
It Finally Stopped Raining (2) (Improv)
0%
It Finally Stopped Raining (Improv)
0%
ITS A WRAP! Clarinet Fest 2025 was.......
0%
It's like it gets slow every time I play easy stuff and fast every time I play hard stuff
0%
It was like 8 minutes long
0%
I use this trick all the time (Instrumentation Tip #1)
0%
I've never played an out of tune note
0%
I write short movements exclusively so I can post them on social media in their entirety.
0%
Literally free money
0%
Man discovers Mario...
0%
More sunset improv!
0%
Movement II of my piece BIRDSONG for solo clarinet.
0%
Multi-phonic improv :)
0%
NEW SCORE VIDEO! flute @bsherma42 piano @koschasinchusion
0%
new video I made
0%
NOT EDITED (Full score video on my Youtube Channel or 🔗in bio.
0%
One of my newest compositions, hosanna in the highest, for solo viola.
0%
Orchestration Tip #4
0%
Playing in a cornfield
0%
premiere of my piece BIRDSONG at UNL's Flyover New Music Series!
0%
@scottlegerborn beat me to it by a couple of days but I didn't rip him off I swear.
0%
Seeing all of the unique compositional styles my peers from across the globe have been crafting is easily one of the greatest highlights from my time at the São Paulo Contemporary Composers Festival.
0%
Should I make this into a piece/(Yes, he should)
0%
Some improv with piano
0%
Thank you so much to my amazing friends and performers for beautifully interpreting my piece "somatacims"!
0%
The climax to my newest piece, Vernal Pool, performed by Luke Eckles
0%
The first minute from my newest piece, Vernal Pool, for.......
0%
The squiggle has to be perfect
0%
This is my last benson boone post I promise
0%
This one is real actually
0%
This was literally me (life changing)
0%
ts pmo gang 🥀🥀
0%
Unforunately this is me
0%
What better way to break in a new reed than learning new rep?
0%
@what.history I also think it's A tier.
0%
Where is the lie ...
0%
Yeah I've got a pretty good ear for these things 😎😎😎
0%
No matching quizzes found
Score Distribution
Percent of People with Each Score
Percentile by Number Answered
Your Score History
You have not taken this quiz